Capitais - Statistics

Estatísticas Gerais
  • Esse quiz foi jogado 86 vezes
  • A pontuação média é 10 de 15
Estatísticas das Respostas
Hint Resposta % Correto
Argentina Buenos Aires
100%
França Paris
100%
Ucrânia Kiev
97%
Rússia Moscovo
97%
México Cidade do México
93%
Peru Lima
93%
Austrália Camberra
87%
Áustria Viena
87%
Angola Luanda
74%
Bahamas Nassau
53%
Dominica Roseau
31%
Burkina Faso Uagadugu
19%
Catar Doa
15%
Costa do Marfim Iamussucro
6%
Camboja Pnom Pene
6%
Nenhum quiz correspondente encontrado
Distribuição das Pontuações
Porcentagem de Pessoas com Cada Pontuação
Percentil de Números Respondidos
Sua Pontuação Histórica
Você não jogou esse quiz